[Event "CFriend AP-2004-Q-00013 email"]
[Site "Chessfriend.com"]
[Date "2004.06.17"]
[Round "?"]
[White "Rulfs, Ernst August"]
[Black "Walker, Soledad"]
[Result "1-0"]
[WhiteElo "1825"]
[BlackElo "1910"]
[PlyCount "43"]
[EventDate "2004.??.??"]
[EventType "tourn (corr)"]
[EventRounds "12"]
[SourceTitle "Corr 2008"]
[Source "ChessBase"]
[SourceDate "2008.06.24"]
[SourceVersion "1"]
[SourceVersionDate "2008.06.24"]
[SourceQuality "1"]

1. e4 c5 2. c3 Nc6 3. d4 cxd4 4. cxd4 d6 5. Nc3 g6 6. Be3 Bg7 7. Qd2 h6 8. Bc4 e6 9. Nf3 Nf6 10. d5 exd5 11. exd5 Ne7 12. 0-0 Bg4 13. Nd4 Rc8 14. Bb3 g5 15. f4 gxf4 16. Bxf4 h5 17. Rae1 0-0 18. Bg5 Ng6 19. h3 Bd7 20. Qd1 h4 21. Rf2 Ne5 22. Ref1 1-0

[Event "CFriend AP-2004-Q-00013 email"]
[Site "Chessfriend.com"]
[Date "2004.06.17"]
[Round "?"]
[White "Walker, Soledad"]
[Black "Timkin, Nikolay"]
[Result "0-1"]
[WhiteElo "1910"]
[BlackElo "2200"]
[PlyCount "32"]
[EventDate "2004.??.??"]
[EventType "tourn (corr)"]
[EventRounds "12"]
[SourceTitle "Corr 2008"]
[Source "ChessBase"]
[SourceDate "2008.06.24"]
[SourceVersion "1"]
[SourceVersionDate "2008.06.24"]
[SourceQuality "1"]

1. c4 c5 2. Nc3 Nc6 3. g3 g6 4. Bg2 Bg7 5. e3 e5 6. Nf3 Nge7 7. 0-0 0-0 8. a3 d6 9. Rb1 d5 10. cxd5 Nxd5 11. Nxd5 Qxd5 12. Re1 e4 13. Nh4 g5 14. Qh5 Qd3 15. Nf5 Bxf5 16. Ra1 h6 0-1